Statistics for Countries With The Largest Film Industries

Click here to take the quiz!

General Stats

  • This quiz has been taken 94 times
  • The average score is 9 of 10

Answer Stats

Revenue (Millions USD)Country% Correct
2,342India
100%
4,727United Kingdom
99%
32,339United States
99%
2,806France
98%
15,827China
97%
7,930Japan
95%
2,577Australia
90%
3,367Canada
89%
2,615South Korea
89%
3,393Germany
88%

Score Distribution

Percentile by Number Answered

Percent of People with Each Score

Your Score History

You have not taken this quiz